Statistics for Miley Cyrus Filmography

Click here to take the quiz!

General Stats

  • This quiz has been taken 53 times
    (17 since last reset)
  • The average score is 27 of 92

Answer Stats

TypeYearName% Correct
Video Game2006Hannah Montana
100%
TV Show2006-2011Hannah Montana
100%
Film2009Hannah Montana: The Movie
100%
Video Game2009Hannah Montana: The Movie
100%
Film2010The Last Song
85%
Film2008Bolt
77%
TV Show2006The Suite Life of Zack & Cody
77%
Web Series2019Black Mirror
69%
Film2003Big Fish
62%
TV Film2007High School Musical 2
62%
Film2017Guardians of the Galaxy Vol. 2
54%
Film2012LOL
54%
TV Special2013Miley: The Movement
46%
Film2012So Undercover
46%
TV Show2009The Suite Life on Deck
46%
TV Show2016-2017The Voice
46%
TV Show2012Two and a Half Men
46%
Web Series2020Bright Minded
38%
Web Mini-Series2016Crisis in Six Scenes
38%
TV Show2001, 2003Doc
38%
Web Series2023Human Resources
38%
Concert Film2011Justin Bieber: Never Say Never
38%
Commercial2009Miley Cyrus & Max Azria
38%
TV Special2014Miley Cyrus: Bangerz Tour
38%
TV Show2011-2021Saturday Night Live
38%
Film2010Sex and the City 2
38%
TV Show2007-2008The Emperor's New School
38%
Award Show2008The Teen Choice Awards 2008
38%
Award Show20152015 MTV Video Music Awards
31%
Film2015A Very Murray Christmas
31%
TV Special2021-2022Miley's New Year's Eve Party
31%
Short Film2009Super Rhino
31%
TV Mini-Series2006, 2008The Disney Channel Games
31%
Web Series2008-2010The Miley and Mandy Show
31%
TV Show2007The Replacements
31%
Commercial2022T-Mobile
31%
Web Series2012-2020Backyard Sessions
23%
Commercial2009Disney's Friends for Change
23%
Concert Film2008Hannah Montana and Miley Cyrus: Best of Both Worlds Concert
23%
Web Special2023Miley Cyrus: Endless Summer Vacation (Backyard Sessions)
23%
TV Show2015, 2019RuPaul's Drag Race
23%
Film2007That's So Suite Life of Hannah Montana
23%
Film2015The Night Before
23%
Film2009Wizards on Deck with Hannah Montana
23%
Award Show20082008 CMT Music Awards
15%
TV Show2008-2010American Idol
15%
Web Series2018Carpool Karaoke
15%
Documentary2019Chasing Happiness
15%
Commercial2017Comcast's Xfinity X1 Voice Remote
15%
Commercial2017Converse
15%
TV Show2017Cyrus vs. Cyrus Design and Conquer
15%
TV Show2007-2008Dancing with the Stars
15%
Documentary Series2006-2008Disney 365
15%
TV Film2022Dolly Parton's Mountain Magic Christmas
15%
TV Show2008Extreme Makeover: Home Edition
15%
Commercial2012Feeding America
15%
Commercial2014Golden Lady
15%
Commercial2021-2022Gucci
15%
Video Game2009Hannah Montana: Rock Out the Show
15%
Video Game2007Hannah Montana Spotlight World Tour
15%
Commercial2011Help Haiti Home
15%
Commercial2021hers
15%
Commercial2010Ink It Pink
15%
Commercial2011Japan Relief
15%
Documentary2015Jeremy Scott: The People's Designer
15%
Documentary2020Miley Cyrus - A Real Person
15%
Documentary2011Miley Cyrus: Growing Up Unauthorized
15%
Documentary2010Miley Cyrus: Live at the O2
15%
Documentary2013Miley Cyrus: Reinvention
15%
Documentary2014Miley Cyrus: The Way I See It
15%
Short Film2014Miley Cyrus: Tongue Tied
15%
Commercial2014NRJ
15%
TV Show2012Punk'd
15%
Commercial2012Rock the Vote
15%
TV Show2015Stone Quackers
15%
TV Show2013Styled to Rock
15%
TV Show2008, 2013The X Factor (UK)
15%
TV Show2014, 2020Unplugged
15%
Film2007Wish Gone Amiss
15%
TV Special201321 Candles: Miley's MTV Moments
8%
Video Game2010Disney Channel All Star Party
8%
TV Show2011Eat Bulaga!
8%
TV Special2008FNMTV Presents: A Miley-Sized Surprise... New Year's Eve 2009
8%
TV Show2009Food Network Challenge
8%
TV Special2007Hannah Montana: Live in London
8%
Film2008Hannah Montana: One in a Million
8%
TV Special2006New Year Sing-A-Long Bowl-A-Thon!
8%
TV Show2007Project Dad
8%
TV Show2016The Ellen DeGeneres Show
8%
Short Documentary2007The Real Miley Cyrus
8%
TV Special2020The Rock & Roll Hall of Fame 2020 Inductions
8%
TV Documentary2011Verrückt nach Miley: eine fan-dokumentation
8%

Score Distribution

Percentile by Number Answered

Percent of People with Each Score

Your Score History

You have not taken this quiz since the last reset